000
00275nam a2200133Ia 4500
100
_a
Antonopoulos/Andreas M
250
_a
2
942
_c
BK
366
_f
22
245
_a
Mastering Bitcoin: Programming open block chain
260
_b
o
546
_a
ENGLISH
999
_c
32768
_d
32768